| 000 | 00402 a2200145 4500 | ||
|---|---|---|---|
| 999 |
_c12437 _d12437 |
||
| 003 | OSt | ||
| 005 | 20240116150925.0 | ||
| 008 | 240116b ||||| |||| 00| 0 eng d | ||
| 020 | _a9781890206550 | ||
| 082 |
_a954.003 _bHOL |
||
| 100 | _a Holroyde, Peggy | ||
| 245 |
_aAn ABC of Indian culture : _b a personal padayatra of half a century into India |
||
| 260 |
_bGrantha Corporation _c2007 |
||
| 942 | _2ddc | ||